000 00525nam a2200181 i 4500
001 56646
003 ES-MaACL
005 20260518181501.0
007 t|
008 031010s1961 sp ||||1| spa d
100 1 _aBlixen, Karen,
_d1885-1962
_944835
245 1 0 _aSombras en la hierba /
_cIsak Dinesen (seud.) ; [traducción Aquilino Duque].
260 _aBarcelona :
_bNoguer,
_c[1961]
300 _a144 p. ;
_c19 cm.
700 1 _aDuque, Aquilino.
_946145
852 _aES-MaACL
_jC-20933
_bR.48640
999 _c56646
_d56646